00000000nam 2200000za 4500
0019.832684
003CaOODSP
00520240213112804
007cr |||||||||||
008170301s2017    onc     o    f000 0 fre d
040 |aCaOODSP|bfre
043 |an-cn---
0861 |aRv47-1/2016F-PDF
24500|aProgramme des travailleurs agricoles saisonniers |h[ressource électronique].
250 |aRév. 2017.
260 |a[Ottawa] : |bAgence du revenu du Canada, |c[2017]
300 |a15 p.
500 |aPubli. aussi en anglais sous le titre : Seasonal Agricultural Workers Program.
500 |aTitre de la couv.
520 |a« Ce guide s’adresse aux employeurs et aux agents de liaison qui aident les travailleurs étrangers embauchés au Canada dans le cadre du Programme des travailleurs agricoles saisonniers à remplir leurs obligations fiscales au Canada. Un agent de liaison est un fonctionnaire d’un pays étranger, travaillant habituellement dans une ambassade ou dans un consulat au Canada. Il est chargé de gérer le Programme des travailleurs agricoles saisonniers pour les travailleurs de ce pays qui viennent travailler au Canada »--p. [2].
61026|aProgramme des travailleurs agricoles saisonniers (Canada)
69207|2gccst|aTravailleur agricole
69207|2gccst|aImpôt
7102 |aAgence du revenu du Canada.
77508|tSeasonal Agricultural Workers Program |w(CaOODSP)9.832682
85640|qPDF|s155 Ko|uhttps://publications.gc.ca/collections/collection_2017/arc-cra/Rv47-1-2016-fra.pdf
986 |aRC4004(F)